logo

Bir Sreshtho Munshi Abdur Rouf Library
Jhenaidah Cadet College

Scott, Foresman reading Rainbow Shower / (Record no. 4267)

MARC details
000 -LEADER
fixed length control field 00627nam a2200229 a 4500
001 - CONTROL NUMBER
JCCL Control Number 4267
003 - CONTROL NUMBER IDENTIFIER
JCCL marc code BD-JhCC
005 - DATE AND TIME OF LATEST TRANSACTION
control field 20171126190809.0
008 - FIXED-LENGTH DATA ELEMENTS--GENERAL INFORMATION
fixed length control field 171119s1974 cal |||| ||a| 000 0 eng d
035 ## - SYSTEM CONTROL NUMBER
system control number (BD-JhCC)
040 ## - CATALOGING SOURCE
Original cataloging agency BD-JhCC
Modifying agency BD-JhCC
041 ## - LANGUAGE CODE
Language code of Book eng
082 ## - DEWEY DECIMAL CLASSIFICATION NUMBER
Classification number 428.6
Author mark and Year CAI 1972
100 ## - MAIN ENTRY--PERSONAL NAME
Personal name Cairns, Joanna
245 ## - TITLE STATEMENT
Title Scott, Foresman reading Rainbow Shower /
Statement of responsibility, etc Joanna Cains; Elizabeth Gallway and Robert J. Tierney.
260 ## - PUBLICATION, DISTRIBUTION, ETC. (IMPRINT)
Place of publication, distribution, etc California :
Name of publisher, distributor, etc Glenview,
Date of publication, distribution, etc 1972
300 ## - PHYSICAL DESCRIPTION
Pagination 272 p. :
Dimensions 26 cm.
650 ## - SUBJECT ADDED ENTRY--TOPICAL TERM
Topical term or geographic name as entry element Readers
700 ## - ADDED ENTRY--PERSONAL NAME
Personal name Gallway , Elizabeth
700 ## - ADDED ENTRY--PERSONAL NAME
Personal name Tierney, Robert J.
942 ## - ADDED ENTRY ELEMENTS (KOHA)
Source of classification or shelving scheme Dewey Decimal Classification
Koha item type Books
Holdings
Source of classification or shelving scheme Damaged status Not for loan Home library Current library Shelving location Date of accession Total Checkouts Full call number Barcode Date last seen Copy number Koha item type
Dewey Decimal Classification     JCC Rouf Library JCC Rouf Library General Stacks 11/25/2017   428.6 CAI 1972 5744 11/25/2017 C-1 Books

JCC Library | Contacts | JCC Home

Last Update on 23 September 2017
Copyright @ 2017-2020 JCC Rouf Library
Rouf Library, Jhenidah Cadet College (JCC), Bangladesh